书目信息 |
| 题名: |
无人机测绘生产
|
|
| 作者: | 段延松 主编 | |
| 分册: | ||
| 出版信息: | 武汉 武汉大学出版社 2019.5 |
|
| 页数: | 360页 | |
| 开本: | 16cm | |
| 丛书名: | ||
| 单 册: | ||
| 中图分类: | P231 | |
| 科图分类: | ||
| 主题词: | 无人驾驶飞机--航空摄影测量 | |
| 电子资源: | ||
| ISBN: | 978-7-307-20916-9 | |
| 000 | 00879nam0 2200229 45 | |
| 001 | 012001005231 | |
| 005 | 20141212152529.0 | |
| 010 | @a978-7-307-20916-9@dCNY48.00 | |
| 100 | @a20190516d2019 em y0chiy0110 ea | |
| 101 | 0 | @achi |
| 102 | @aCN@b420000 | |
| 105 | @ay z 000yy | |
| 106 | @ar | |
| 200 | 1 | @a无人机测绘生产@9wu ren ji ce hui sheng chan@f段延松主编 |
| 210 | @a武汉@c武汉大学出版社@d2019.5 | |
| 215 | @a360页@d16cm | |
| 330 | @a本书以轻小型无人机、实时动态差分GPS测量系统RTK、数字摄影测量网格DPGrid组成的无人机测绘生产系统为例,系统地讲述了当代无人机在摄影测量生产中的作业方法,内容包括无人机航空摄影、地面控制点量测、无人机影像空中三角测量、DEM生产作业、DOM生产作业、DLG生产作业等。 | |
| 606 | 0 | @a无人驾驶飞机@x航空摄影测量 |
| 690 | @aP231@v5 | |
| 701 | 0 | @a段延松@9duan yan song@4主编 |
| 801 | 0 | @aCN@b江苏凤凰@c20191020 |
| 905 | @b1207643-5@dP231@e330@f3 | |
| 无人机测绘生产/段延松主编.-武汉:武汉大学出版社,2019.5 |
| 360页;16cm |
| ISBN 978-7-307-20916-9:CNY48.00 |
| 本书以轻小型无人机、实时动态差分GPS测量系统RTK、数字摄影测量网格DPGrid组成的无人机测绘生产系统为例,系统地讲述了当代无人机在摄影测量生产中的作业方法,内容包括无人机航空摄影、地面控制点量测、无人机影像空中三角测量、DEM生产作业、DOM生产作业、DLG生产作业等。 |
| ● |
| 相关链接 |
|
|
|
|
正题名:无人机测绘生产
索取号:P231/330
 
预约/预借
| 序号 | 登录号 | 条形码 | 馆藏地/架位号 | 状态 | 备注 |
| 1 | 1207643 | 212076439 | 第二样本阅览室/ [索取号:P231/330] | 在馆 | |
| 2 | 1207644 | 212076448 | 第三借阅区/ [索取号:P231/330] |
已借出,限还日期为2022.10.03 借出人:赵自雨 |
|
| 3 | 1207645 | 212076457 | 第三借阅区/ [索取号:P231/330] | 在馆 |